000 00285nam a2200109Ia 4500
008 220204s9999 xx 000 0 und d
082 _a659.3
_bRIV
100 _aRivers, William L
245 0 _aMass media: Reporting writing editing
260 _aNew Delhi
_bUniversal
_c1967
942 _cBK
999 _c21196
_d21196